El Renacimiento : (Registro nro. 39988)
[ vista simple ]
| 000 -CABECERA | |
|---|---|
| campo de control de longitud fija | 00695nam a2200205 a 4500 |
| 001 - NÚMERO DE CONTROL | |
| campo de control | 000040498 |
| 005 - FECHA Y HORA DE LA ÚLTIMA TRANSACCIÓN | |
| campo de control | 20201002034154.0 |
| 008 - DATOS DE LONGITUD FIJA--INFORMACIÓN GENERAL | |
| campo de control de longitud fija | 130826s1993 mx 000 0 spa d |
| 020 ## - NÚMERO INTERNACIONAL ESTÁNDAR DEL LIBRO | |
| Número Internacional Estándar del Libro | 9685825793 |
| 040 ## - FUENTE DE LA CATALOGACIÓN | |
| Centro catalogador/agencia de origen | DO-SdBNP |
| Lengua de catalogación | spa |
| Centro/agencia transcriptor | BNPHU |
| 245 03 - MENCIÓN DE TÍTULO | |
| Título | El Renacimiento : |
| Resto del título | periódico literario (México, 1869) / |
| Mención de responsabilidad, etc. | presentación de Huberto Batis. |
| 260 ## - PUBLICACIÓN, DISTRIBUCIÓN, ETC. | |
| Lugar de publicación, distribución, etc. | México : |
| Nombre del editor, distribuidor, etc. | Universidad Autónoma de México, |
| Fecha de publicación, distribución, etc. | 1993. |
| 300 ## - DESCRIPCIÓN FÍSICA | |
| Extensión | 2 v. : |
| Otras características físicas | : il. ; |
| Dimensiones | 30 cm. |
| 500 ## - NOTA GENERAL | |
| Nota general | Segunda reimpresión 1993 |
| 500 ## - NOTA GENERAL | |
| Nota general | Texto a dos columnas |
| 500 ## - NOTA GENERAL | |
| Nota general | Edición facsimilar. |
| 500 ## - NOTA GENERAL | |
| Nota general | 2 tomos en 1 volumen. |
| 701 ## - | |
| -- | Batis, Huberto, 1934- |
| 710 2# - PUNTO DE ACCESO ADICIONAL--NOMBRE DE ENTIDAD CORPORATIVA | |
| Nombre de entidad corporativa o nombre de jurisdicción como elemento de entrada | Universidad Nacional Autónoma de México |
| 9 (RLIN) | 42447 |
| Estado de retiro | Estado de pérdida | Restricciones de uso | No para préstamo | Código de colección | Localización permanente | Ubicación/localización actual | Ubicación en estantería | Fecha de adquisición | Número de inventario | Total de préstamos | Signatura topográfica completa | Código de barras | Fecha visto por última vez | Precio válido a partir de | Tipo de ítem Koha |
|---|---|---|---|---|---|---|---|---|---|---|---|---|---|---|---|
| Excluido de préstamo | Monografías: Libros y Folletos | General | General | En catalogación | 26.08.2013 | LF1 | v. 1-2 | 40498-10 | 25.06.2020 | 25.06.2020 | No se presta |
